Quiz new holland - Statistiques

Statistiques générales
  • Ce quiz a été pris 29 fois
  • Le résultat moyen est 5 sur 11
Statistiques - réponses
Question Réponse % Correct
Quel modèle de tracteur est le plus puissant ? t9.560
76%
Que veux-dire CNH CASE NEW HOLLAND
71%
Créateur de la marque ABRAM ZIMMERMAN
65%
Quel est la nouvelle moissonneuse-batteuse créer par NEW HOLLAND ? CR 11
59%
Quel entreprise à racheter NEW HOLLAND en 1986 ? ford
41%
En quel années ont il fait partit du groupe CNH GLOBAL ? 1999
29%
Quel entreprise à racheter new holland en 1994 fiatagri
29%
Sur quel type de machine agricole, new holland on-t-il démarrer ? moissonneuse batteuse
29%
Quel est le modèle phare en terme de presse à haute densité ? BIGBALER 1290
24%
Quel est le plus grand "concessionnaire" qui revend du NEW HOLLAND en FRANCE groupe OUVRARD
18%
En quel année à été crée la marque NEW HOLLAND 1895
12%
Aucun quiz correspondant
Distribution des résultats
% des personnes avec chaque résultat
Percentile par nombre de réponses
Votre historique - résultats
Vous n’avez pas pris ce quiz